000 00563nam a2200193 a 4500
001 1766046743354
003 YourLibrary
005 20251222113203.0
008 251218s2008##################000#0#eng##
020 _a9780199237142
082 0 4 _a230.14092
_bTOL
100 1 _aTollefsen, Torstein,
_eauthor.
245 1 0 _aThe Christocentric Cosmology of St Maximus the Confessor :
260 _bOxford University Press, USA,
_c2008.
300 _a254 pages
650 0 _aBiography & Autobiography.
942 _cENGLISH
040 _aYourLibrary
_beng
_cYourLibrary
999 _c603880
_d603880